| 000 | 00451nam a22001937a 4500 | ||
|---|---|---|---|
| 003 | bpm | ||
| 005 | 20260416105407.0 | ||
| 008 | 260416b |||||||| |||| 00| p spa d | ||
| 024 | _aS. C. C. / M. C. y E. M.: | ||
| 040 | _aAR-CtUCP | ||
| 041 | _aspa | ||
| 080 | _aCDU | ||
| 100 | _aVernet Marcelo | ||
| 245 | _aDon de profesía | ||
| 260 |
_aBuenos Aires _bAl margen _c2005 |
||
| 650 | _aLiteratura - Poesía | ||
| 942 | _cLIB | ||
| 999 |
_c76650 _d76650 |
||